| 000 | 00517nam a22002057a 4500 | ||
|---|---|---|---|
| 003 | OSt | ||
| 005 | 20140310181934.0 | ||
| 008 | 130723t xxu||||| |||| 00| 0 eng d | ||
| 050 |
_aPR 5819 _b.W671 1994 |
||
| 082 |
_aCLA _bW64p 1994 |
||
| 100 |
_aOscar Wilde _93158 |
||
| 245 |
_aThe Picture of Dorian Gray / _cOsacar Wilde |
||
| 260 |
_aLondon _bPenguin Books, _cc1994. |
||
| 300 |
_a255 p. _c18 cm. |
||
| 541 | _j1 | ||
| 541 | _j2 | ||
| 562 | _e2 | ||
| 650 |
_aFiction _9746 |
||
| 942 |
_2lcc _cBK _kCLA |
||
| 999 |
_c7476 _d7476 |
||